أهمية إصلاح النظام المحاسبي للمؤسسات في ظل أعمال التوحيد الدولية بالتطبيق على حالة الجزائر /
Saved in:
| Main Author: | |
|---|---|
| Other Authors: | |
| Format: | Thesis |
| Language: | Arabic |
| Published: |
Jazair :
Jami'at al-Jaza'ir,
2004
|
| Subjects: | |
| Tags: |
Add Tag
No Tags, Be the first to tag this record!
|
| LEADER | 012510000a22002530004500 | ||
|---|---|---|---|
| 008 | 141111s2004 ua a g 000 0 ara d | ||
| 040 | |a UIAM |b eng | ||
| 041 | |a ara | ||
| 043 | |a f-ae--- | ||
| 050 | 0 | |a HF5616.A4 | |
| 100 | 1 | |a بلغيث، مداني | |
| 242 | 1 | 0 | |a Ahammiyat islah al-nizam al-muhasibi lil mu'assasat fi zill a'mal al-tauhid al-dawliyah bi-tatbiq 'ala halat al-Jaza'ir |
| 245 | 1 | 0 | |a أهمية إصلاح النظام المحاسبي للمؤسسات في ظل أعمال التوحيد الدولية بالتطبيق على حالة الجزائر / |c مداني بن بلغيث |
| 260 | |a Jazair : |b Jami'at al-Jaza'ir, |c 2004 | ||
| 300 | |a xi, 271 p. : |b ill. ; |c 30 cm. | ||
| 500 | |a "أطروحة مقدمة لنيل شهادة الدكتوراه في العلوم الإقتصادية" --On t.p. | ||
| 502 | |a Thesis (Ph. D.)--Jami'at al-Jaza'ir, 2004. | ||
| 504 | |a Includes bibliographical references (leaves 234-242). | ||
| 596 | |a 1 | ||
| 655 | |a Theses, Facsimile edition (Islamic) | ||
| 700 | 1 | |a Balghith, Madani | |
| 900 | |a arf-nbm-sar | ||
| 999 | |c 438300 |d 469324 | ||
| 952 | |0 0 |6 TI HF 005616 A4 B185A 2004 |7 0 |8 THESES |9 759432 |a IIUM |b IIUM |c MULTIMEDIA |g 350.00 |o ti HF 5616 A4 B185A 2004 |p 00011299629 |r 2017-10-23 |t 1 |v 350.00 |y THESIS | ||
